[Event "World-chT Rapid"]
[Site "Dusseldorf"]
[Date "2023.08.27"]
[Round "7.17"]
[White "Gaab, Wolfgang"]
[Black "Czaeczine, Paula"]
[Result "1-0"]
[WhiteElo "2060"]
[BlackElo "1588"]
[PlyCount "59"]
[EventDate "2023.08.26"]
[EventType "team-swiss (rapid)"]
[EventRounds "12"]
[EventCountry "GER"]
[SourceTitle "CBM 215 Extra"]
[Source "ChessBase"]
[SourceDate "2023.09.30"]
[SourceVersion "1"]
[SourceVersionDate "2023.09.30"]
[SourceQuality "1"]
[WhiteTeam "Neustadt Weinstrasse"]
[BlackTeam "Deutsche Schachjugend II"]
[WhiteTeamCountry "GER"]
[BlackTeamCountry "GER"]

1. d4 d5 2. Nf3 c5 3. e3 Nc6 4. c3 Nf6 5. Bd3 e6 6. Nbd2 Be7 7. 0-0 0-0 8. Re1 c4 9. Bc2 b5 10. a3 a5 11. Qe2 Bb7 12. Ne5 Nxe5 13. dxe5 Nd7 14. f4 b4 15. Nf3 Qb6 16. Nd4 Nc5 17. Bd2 b3 18. Bb1 Rac8 19. Rf1 g6 20. Rf3 Kg7 21. g4 f5 22. g5 Ne4 23. h4 Rh8 24. h5 Kf7 25. Rh3 a4 26. Bxe4 dxe4 27. Qh2 Qd8 28. Kf2 Bd5 29. Rh1 Kg7 30. hxg6 1-0

[Event "World-chT Rapid"]
[Site "Dusseldorf"]
[Date "2023.08.26"]
[Round "1.18"]
[White "Czaeczine, Paula"]
[Black "Jagodzinsky, Andreas"]
[Result "0-1"]
[WhiteElo "1588"]
[BlackElo "2176"]
[PlyCount "128"]
[EventDate "2023.08.26"]
[EventType "team-swiss (rapid)"]
[EventRounds "12"]
[EventCountry "GER"]
[SourceTitle "CBM 215 Extra"]
[Source "ChessBase"]
[SourceDate "2023.09.30"]
[SourceVersion "1"]
[SourceVersionDate "2023.09.30"]
[SourceQuality "1"]
[WhiteTeam "Deutsche Schachjugend II"]
[BlackTeam "Hemer"]
[WhiteTeamCountry "GER"]
[BlackTeamCountry "GER"]

1. e4 c6 2. d4 d5 3. exd5 cxd5 4. c4 Nf6 5. Nc3 Nc6 6. Be3 g6 7. Nf3 Bg7 8. h3 0-0 9. Be2 a6 10. 0-0 dxc4 11. Bxc4 b5 12. Bb3 Bb7 13. Qe2 Na5 14. Bc2 Rc8 15. Rac1 Nc4 16. Nd1 Qd6 17. Nd2 Qd5 18. f3 Nxe3 19. Qxe3 Ng4 20. Qe2 Qxd4+ 21. Kh1 Ne5 22. Nb3 Qb6 23. Be4 Rxc1 24. Nxc1 Nc4 25. Bxb7 Qxb7 26. b3 Nd6 27. Re1 Nf5 28. Qd3 e6 29. Ne3 Nxe3 30. Qxe3 Rd8 31. Ne2 Qd5 32. Nc3 Bxc3 33. Qxc3 Qd2 34. Qxd2 Rxd2 35. a4 bxa4 36. bxa4 Rd4 37. Ra1 Kf8 38. Kg1 Ke7 39. Kf2 Kd6 40. Ke3 e5 41. a5 Rd5 42. f4 f5 43. fxe5+ Kxe5 44. Ra4 g5 45. g3 Rb5 46. h4 h6 47. hxg5 hxg5 48. Kf3 Rb2 49. Ke3 Kd5 50. Kf3 Kc5 51. Ra1 Kb5 52. g4 Rb3+ 53. Kf2 fxg4 54. Rg1 g3+ 55. Kg2 Kxa5 56. Re1 Ka4 57. Re5 a5 58. Rxg5 Kb4 59. Rg4+ Ka3 60. Kf1 a4 61. Ke2 g2 62. Kf2 Rb2+ 63. Kf3 Kb3 64. Rg8 a3 0-1

[Event "GER-chT U16 Girls"]
[Site "Neumuenster"]
[Date "2022.12.27"]
[Round "1"]
[White "Gruber, Florentine"]
[Black "Czaeczine, Paula"]
[Result "0-1"]
[WhiteElo "1289"]
[BlackElo "1334"]
[PlyCount "90"]
[EventDate "2022.12.26"]
[EventType "team-swiss"]
[EventRounds "7"]
[EventCountry "GER"]
[SourceTitle "CBM 212 Extra"]
[Source "ChessBase"]
[SourceDate "2023.03.31"]
[SourceVersion "1"]
[SourceVersionDate "2023.03.31"]
[SourceQuality "1"]
[WhiteTeam "Paderborn Akademie"]
[BlackTeam "Chemnitz Aufbau"]
[WhiteTeamCountry "GER"]
[BlackTeamCountry "GER"]

1. d4 d5 2. Nf3 c5 3. g3 cxd4 4. Nxd4 e5 5. Nf3 Nc6 6. Bg2 Be6 7. 0-0 Nf6 8. b3 Be7 9. Nbd2 e4 10. Ng5 Bf5 11. Nh3 Qd7 12. Nf4 g5 13. Nxd5 Qxd5 14. Bb2 0-0 15. Qc1 Nd4 16. Bxd4 Qxd4 17. Nc4 h6 18. Rd1 Qc5 19. Ne3 Bg4 20. Nxg4 Nxg4 21. e3 Qf5 22. Qd2 Rac8 23. h3 Ne5 24. Kh2 Nf3+ 25. Bxf3 Qxf3 26. c4 g4 27. hxg4 Bf6 28. Rac1 Qxg4 29. Qb4 b6 30. Rd5 Rfd8 31. Rd6 Kg7 32. Rxd8 Rxd8 33. Qe1 h5 34. Qg1 Rd2 35. a4 Rb2 36. Rb1 Qe2 37. Rxb2 Qxb2 38. Qg2 Qxb3 39. Qxe4 Qxa4 40. Qb7 Qa2 41. Kg2 Qxc4 42. Qxa7 b5 43. Qa5 Qa4 44. Qd2 Qe4+ 45. Kh3 Qh1# 0-1

[Event "Bayern Jubilar U12"]
[Site "Bayreuth"]
[Date "2022.08.27"]
[Round "1"]
[White "Czaeczine, Paula"]
[Black "Besou, Hussain"]
[Result "1-0"]
[WhiteElo "1204"]
[BlackElo "2061"]
[PlyCount "117"]
[EventDate "2022.08.27"]
[EventType "swiss"]
[EventRounds "7"]
[EventCountry "GER"]
[SourceTitle "EXT 2023"]
[Source "ChessBase"]
[SourceDate "2022.10.05"]
[SourceVersion "1"]
[SourceVersionDate "2022.10.05"]
[SourceQuality "1"]

1. e4 e5 2. Nf3 Nc6 3. Bc4 Nf6 4. Ng5 d5 5. exd5 Na5 6. d3 Nxc4 7. dxc4 h6 8. Nf3 Bc5 9. Nc3 Bg4 10. h3 Bh5 11. g4 Bg6 12. Nxe5 Bh7 13. Qe2 0-0 14. Bf4 g5 15. Bg3 Re8 16. 0-0-0 Bd6 17. f4 gxf4 18. Bxf4 Bxe5 19. Bxe5 Nd7 20. Qd2 Nxe5 21. Qxh6 Nxc4 22. h4 Qd6 23. Qg5+ Qg6 24. Qxg6+ Bxg6 25. h5 Bh7 26. g5 Re5 27. Rdg1 Be4 28. Rh4 Rae8 29. Rgg4 Bxd5 30. Rxc4 Bxc4 31. Rxc4 c6 32. Rg4 Rf5 33. Ne4 Rf1+ 34. Kd2 Re6 35. Nf6+ Kh8 36. Rd4 Rexf6 37. gxf6 Rxf6 38. Rd7 Rf5 39. Rxb7 a6 40. Rb6 Rb5 41. Rxc6 Rxb2 42. Rxa6 Rb5 43. h6 Rf5 44. c4 Kh7 45. Kd3 f6 46. Kd4 Kxh6 47. c5 Kg6 48. c6 Re5 49. c7 Re8 50. Kd5 Kf7 51. Rb6 Rc8 52. Kd6 Ke8 53. Rb8 Kf7 54. Rxc8 f5 55. Rd8 f4 56. c8Q f3 57. Qf5+ Kg7 58. Ke6 Kh6 59. Rh8+ 1-0

[Event "GER-ch U10 Girls"]
[Site "Willingen"]
[Date "2021.08.24"]
[Round "4"]
[White "Wagner, Cosima"]
[Black "Czaeczine, Paula"]
[Result "1-0"]
[WhiteElo "1110"]
[BlackElo "1127"]
[PlyCount "139"]
[EventDate "2021.08.22"]
[EventType "swiss"]
[EventRounds "11"]
[EventCountry "GER"]
[SourceTitle "EXT 2022"]
[Source "ChessBase"]
[SourceDate "2021.10.06"]
[SourceVersion "1"]
[SourceVersionDate "2021.10.06"]
[SourceQuality "1"]

1. e4 e5 2. Nf3 Nc6 3. Bc4 Nf6 4. Nc3 Nxe4 5. 0-0 Nxc3 6. dxc3 Be7 7. Qd5 0-0 8. Nxe5 Nxe5 9. Qxe5 d6 10. Qe4 Bg5 11. Bd3 g6 12. f4 Bf6 13. Qf3 c6 14. f5 d5 15. Bh6 Bg7 16. Bxg7 Kxg7 17. f6+ Kg8 18. Qf4 Kh8 19. Qh6 Rg8 20. Rae1 Qf8 21. Qh4 Qc5+ 22. Kh1 Be6 23. Rxe6 fxe6 24. f7 Rg7 25. Qf6 Qf8 26. h4 Rc8 27. Qxe6 a5 28. Qxc8 Qxc8 29. f8Q+ Qxf8 30. Rxf8+ Rg8 31. Rxg8+ Kxg8 32. Kg1 Kf7 33. Kf2 b6 34. c4 dxc4 35. Bxc4+ Kf6 36. g4 h6 37. Ke3 Ke5 38. Bf7 g5 39. hxg5 hxg5 40. c3 c5 41. Be8 Kd5 42. Bb5 Ke5 43. b3 Kd5 44. a3 Ke5 45. c4 Kd6 46. Ke4 Ke6 47. Ba6 Kd7 48. Kf5 Kd6 49. Kxg5 Ke5 50. Kg6 Kd4 51. Bb5 Kc3 52. Ba4 Kb2 53. g5 Kxa3 54. Kf7 Kb4 55. g6 b5 56. cxb5 c4 57. bxc4 Kxa4 58. g7 Kb4 59. g8Q a4 60. Qa8 a3 61. b6 Kb3 62. b7 a2 63. b8R+ Kxc4 64. Qxa2+ Kd4 65. Rd8+ Ke4 66. Qe2+ Kf4 67. Rd4+ Kf5 68. Qe6+ Kg5 69. Rg4+ Kh5 70. Qg6# 1-0